000 00721nam a2200217Ia 4500
001 17743
003 GE_BSU
008 181216s||||||||xx |||||||||||||| ||und||
020 _a9789941912214
040 _cGE_BSU
080 _a631.95(076.5)
100 _aურუშაძე,თეო., ხომასურიძე, დიანა
245 _aპრაქტიკუმი აგროეკოლოგიაში
260 _aქუთაისი
260 _bმწიგნობარი
260 _c2010
300 _a146გვ.ცხრ.20სმ.
300 _eბიბლ.გვ.143-144
653 _aპრაქტიკუმი აგროეკოლოგიაში
942 _cBK
999 _c50791
_d50791